Name The Game That Sold The Most Copies For Each Game Company - Statistics

General Stats
  • This quiz has been taken 15 times
  • The average score is 5 of 30
Answer Stats
Game Company Copies of Game Sold Game % Correct
Nintendo 48,000,000 Super Mario Bros.
92%
Sega 15,000,000 Sonic the Hedgehog
85%
Epic Games 400,000,000 Fortnite
62%
Mojang 238,000,000 Minecraft
62%
Activision Blizzard 31,000,000 Call of Duty: Black Ops
23%
Rockstar 170,000,000 Grand Theft Auto V
23%
Take-Two Interactive 170,000,000 Grand Theft Auto V
23%
343 Industries 9,750,000 Halo 4
23%
Naughty Dog 19,930,000 The Last of Us
23%
Joey Drew Studios 750,000 Bendy and the Ink Machine
15%
Gearbox 15,000,000 Borderlands 3
15%
Valve 36,000,000 Counter-Strike: Global Offensive
15%
Ubisoft 25,000,000 Far Cry 5
15%
Robtop 242,000,000 Geometry Dash
15%
Bungie 14,500,000 Halo 3
15%
id Software 3,500,000 Doom 3
8%
Electronic Arts 24,000,000 FIFA 18
8%
Square Enix 13,258,000 Final Fantasy VII
8%
Psyonix 81,900,000 Rocket League
8%
Frictional Games 1,400,000 Amnesia: The Dark Descent
0%
Quantic Dream 6,000,000 Detroit: Become Human
0%
Bethesda 170,000,000 Fallout Shelter
0%
The Coalition 3,000,000 Gears of War 4
0%
Santa Monica Studio 11,000,000 God of War: Ragnarok
0%
TinyBuild 2,000,000 Hello Neighbor
0%
Tango Gameworks 2,000,000 Hi-Fi Rush
0%
Capcom 18,600,000 Monster Hunter: World
0%
Red Barrel 15,000,000 Outlast
0%
Motive 10,530,000 Star Wars Battlefront II
0%
Respawn Entertainment 10,000,000 Star Wars Jedi: Fallen Order
0%
No matching quizzes found
Score Distribution
Percent of People with Each Score
Percentile by Number Answered
Your Score History
You have not taken this quiz